Tingdene Marinas Ltd v Jaffe (Record no. 121371)
[ view plain ]
| 000 -LEADER | |
|---|---|
| fixed length control field | 00985nas a22002057a 4500 |
| 007 - PHYSICAL DESCRIPTION FIXED FIELD--GENERAL INFORMATION | |
| fixed length control field | ta |
| 008 - FIXED-LENGTH DATA ELEMENTS--GENERAL INFORMATION | |
| fixed length control field | 230210s2023 xxk||||os||||o00| 0 eng d |
| 041 ## - LANGUAGE CODE | |
| Language code of text/sound track or separate title | eng |
| 245 ## - TITLE STATEMENT | |
| Title | Tingdene Marinas Ltd v Jaffe |
| 260 ## - PUBLICATION INFORMATION | |
| Place of publication | [2023] UKUT 16 (LC), |
| Publisher | Upper Tribunal (Lands Chamber), |
| Date | 20 January 2023 |
| 520 ## - ABSTRACT | |
| Abstract | A houseboat which comprised a wheeled caravan on a specially designed float and was moored at marina pursuant to a licence agreement was protected by the Mobile Homes Act 1983. Although the caravan and float could not be moved as a whole, the caravan could be rolled off the float and was therefore a mobile home for the purposes of s.1(1)(a) of the Act. |
| 650 ## - KEYWORDS | |
| Keywords | CARAVAN SITES |
| 650 ## - KEYWORDS | |
| Keywords | MOBILE HOMES ACT 1983 |
| 650 ## - KEYWORDS | |
| Keywords | JUDGMENT |
| 650 ## - KEYWORDS | |
| Keywords | HOUSING |
| 650 ## - KEYWORDS | |
| Keywords | HOUSEBOATS |
| 650 ## - KEYWORDS | |
| Keywords | PLANNING PERMISSION |
| 651 ## - SUBJECT ADDED ENTRY--GEOGRAPHIC NAME | |
| Geographic name | United Kingdom |
| 856 ## - ONLINE RESOURCE | |
| Uniform Resource Identifier | https://caselaw.nationalarchives.gov.uk/ukut/lc/2023/16 |
| Public note | Available on the National Archives case law database |
| Withdrawn status | Lost status | Source of classification or shelving scheme | Damaged status | Koha normalized classification for sorting | Not for loan | Home library | Current library | Shelving location | Date acquired | Total Checkouts | Full call number | Date last seen | Price effective from | Koha item type |
|---|---|---|---|---|---|---|---|---|---|---|---|---|---|---|
| Dewey Decimal Classification | ONLINE_JUDGMENT | Virtual | Virtual | Online | 10/02/2023 | ONLINE JUDGMENT | 17/03/2023 | 10/02/2023 | Law report |